| 000 | 01540nam a2200253 4500 | ||
|---|---|---|---|
| 005 | 20160425152534.0 | ||
| 008 | 160425s1889 sp a|||fr|||| 001 0 spa d | ||
| 040 |
_aCO-BoUCM _bspa _cSandra Yazo _dSandra Yazo |
||
| 041 | 0 | _aspa | |
| 082 | 0 | 4 |
_220 _a261.55 |
| 092 | _aE39N047 | ||
| 100 | 1 |
_aLópez Ferreiro, Antonio _d1837-1910 _976842 |
|
| 245 | 1 | 0 |
_aLecciones de arqueología sagrada _cpor ... Antonio López Ferreiro |
| 260 |
_aSantiago [de Compostela] (España) _bImprenta y encuadernación del Seminario _c1889 |
||
| 300 |
_a557 páginas _c23 x 15 cm. |
||
| 500 | _aDetalles físicos: Encuadernación rígida en cartón forrado en papel. Lomo en tela texturizado. Líneas repujadas. Guardas. Anteportada. Portada impresa en una sola tinta. Cenefas y remates. Mayúsculas capitales modernas. Texto en una columna. Varias ilustraciones entre el texto. Algunas notas al pie de página. Papel manchado | ||
| 505 | 1 | _aIntroducción a la arqueología sagrada ; Arquitectura, escritura y pintura ; Artes industriales y demás ramas complementarias de la arquitectura sagrada: Mobiliario ; Vajilla ; Indumentaria ; Epigrafía ; Numismática ; Paleografía ; Diplomática ; Esfragística ; Heráldica ; Música | |
| 506 | _aConsulta en sala | ||
| 650 | 7 |
_99376 _aArqueología religiosa |
|
| 650 | 7 |
_912174 _aCristianismo _xArqueología |
|
| 690 |
_aArqueología _998 |
||
| 856 | 4 | 1 |
_uhttp://www.galiciana.bibliotecadegalicia.xunta.es/es/consulta/registro.cmd?id=7568 _zDisponible en línea |
| 942 |
_2LOCAL _cLIBRO _e1 _hE39N047 |
||
| 999 |
_c303297 _d303297 |
||